Literatura černé Afriky

Bibliographic Details
Main Authors: Klíma, Vladimír, 1936- (Author), Růžička, Karel František, 1914-1972 (Author), Zima, Petr, 1934- (Author)
Format: Book
Language:Czech
PhysicalDescription:495 s. 20 cm
Published: Praha Orbis 1972
Edition:1. vyd.
Series:Pyramida
Subjects:

MARC

LEADER 00000nam a2200000 a 4500
001 vtls001287089
003 SK-MaSNL
005 20260301064849.0
008 240314s1972 xr g 00100 cze
035 |a SNK000238648 
040 |a SNK  |b slo  |c SNK  |e AACR2 
041 1 |a cze 
044 |a xr  |c CZ 
072 7 |a 821.09  |x Literatúra v rôznych jazykoch (o nej)  |2 konspekt 
072 7 |a 82.0  |x Literatúra (teória)  |2 konspekt 
080 |a 821(6)  |2 2001 
080 |a 821(680)  |2 2001 
080 |a 82(091)  |2 2001 
080 |a 821(669)  |2 2001 
080 |a (048.8)  |2 2001 
100 1 |a Klíma, Vladimír,  |d 1936-  |4 aut  |9 101376 
245 1 0 |a Literatura černé Afriky  |c Vladimír Klíma, Karel F. Růžička, Petr Zima 
250 |a 1. vyd. 
260 |a Praha  |b Orbis  |c 1972 
300 |a 495 s.  |c 20 cm 
490 1 |a Pyramida 
504 |a Bibliogr.; register 
650 0 7 |a africké literatúry  |2 SNKPH  |9 69125 
650 0 7 |a juhoafrická literatúra  |2 SNKPH  |9 87851 
650 0 7 |a literárna história  |2 SNKPH  |9 1136 
650 0 7 |a nigérijská literatúra  |2 SNKPH  |9 86948 
650 0 7 |a African literature  |2 SNKPHeng  |9 201491 
650 0 7 |a South African literature  |2 SNKPHeng  |9 382771 
650 0 7 |a Literary history  |2 SNKPHeng  |9 274706 
650 0 7 |a Nigerian literature  |2 SNKPHeng  |9 382772 
655 7 |a monografie  |2 SNKPH  |9 70139 
655 7 |a Monographs  |2 SNKPHeng  |9 120675 
700 1 |a Růžička, Karel František,  |d 1914-1972  |4 aut  |9 382773 
700 1 |a Zima, Petr,  |d 1934-  |4 aut  |9 382774 
830 0 |a Pyramida  |9 304187 
852 |a Akadémia umení v Banskej Bystrici 
852 |a Štátna vedecká knižnica v Banskej Bystrici 
958 |a OND 
999 |c 628508  |d 630438 
952 |t P60, <04>, [BOOK], {604}  |a SNK  |b SNK  |y VYP  |7 0  |p 17A0067409  |o snkID 58420 D1  |0 0  |1 1  |4 0  |d 1997-05-15  |l 0  |r 2005-01-02 00:00:00  |w 2026-02-23